انا و عكسي / (رقم التسجيلة. 146238)

تفاصيل مارك
000 -LEADER
fixed length control field 00624nam a22002057a 4500
005 - DATE AND TIME OF LATEST TRANSACTION
control field 20251108175940.0
008 - FIXED-LENGTH DATA ELEMENTS--GENERAL INFORMATION
fixed length control field 250721s2023 xx 000 0 ara d
082 14 - DEWEY DECIMAL CLASSIFICATION NUMBER
Classification number ط/155.23/بري
100 1# - MAIN ENTRY--PERSONAL NAME
Personal name برينيفيه، أوسكار
245 10 - TITLE STATEMENT
Title انا و عكسي /
264 1# - PRODUCTION, PUBLICATION, DISTRIBUTION, MANUFACTURE, AND COPYRIGHT NOTICE
Place of production, publication, distribution, manufacture القاهرة :
Name of producer, publisher, distributor, manufacturer دار الشروق للنشر،
Date of production, publication, distribution, manufacture, or copyright notice 2023.
300 ## - PHYSICAL DESCRIPTION
Extent 63ص.
650 17 - SUBJECT ADDED ENTRY--TOPICAL TERM
Topical term or geographic name as entry element علم النفس
650 17 - SUBJECT ADDED ENTRY--TOPICAL TERM
Topical term or geographic name as entry element الشخصية
650 17 - SUBJECT ADDED ENTRY--TOPICAL TERM
Topical term or geographic name as entry element سمات الشخصية
653 ## - INDEX TERM--UNCONTROLLED
Uncontrolled term اطفال مرحلة متوسطة(6-9)سنوات
700 1# - ADDED ENTRY--PERSONAL NAME
Personal name الراعي، ليلى
Relator term مترجم
942 ## - ADDED ENTRY ELEMENTS (KOHA)
Source of classification or shelving scheme Dewey Decimal Classification
Koha item type كتب
المقتنيات
حالة السحب حالة الفقدان مصدر التصنيف حالة التلف غير قابل للإعارة المكتبة الرئيسية المكتبة الحالية موقع الرف تاريخ التزويد الرقم المتسلسل Total Checkouts رقم الإستدعاء الباركود تاريخ آخر ظهور تاريخ الفاتورة نوع المادة (كوها)
    Dewey Decimal Classification     المكتبة المركزية المكتبة المركزية الأطفال 28/07/2025 1785609   ط/155.23/بري PLD00509299 28/07/2025 28/07/2025 كتب
    Dewey Decimal Classification     مكتبة قتيبة للأطفال مكتبة قتيبة للأطفال الأطفال 30/04/2024 1785611   ط/155.23/بري PLD00509429 28/07/2025 30/04/2024 كتب
    Dewey Decimal Classification     مكتبة أبو علندا العامة مكتبة أبو علندا العامة الأطفال 30/04/2024 1785614   ط/155.23/بري PLD00509432 28/07/2025 30/04/2024 كتب
    Dewey Decimal Classification     مكتبة أم المؤمنين للأطفال مكتبة أم المؤمنين للأطفال الأطفال 30/04/2024 1785612   ط/155.23/بري PLD00509430 28/07/2025 30/04/2024 كتب
    Dewey Decimal Classification     مكتبة صويلح العامة مكتبة صويلح العامة الأطفال 30/04/2024 1785613   ط/155.23/بري PLD00509431 28/07/2025 30/04/2024 كتب
    Dewey Decimal Classification     مكتبة مرج الحمام مكتبة مرج الحمام الأطفال 30/04/2024 1785610   ط/155.23/بري PLD00509428 28/07/2025 30/04/2024 كتب
Implemented & Customized by: BBB with SCIT (Smart Chains for Information Technology)

Powered by Koha